| 000 | 00937nam a22002297a 4500 | ||
|---|---|---|---|
| 001 | 0000003563 | ||
| 003 | PPM | ||
| 005 | 20260424101000.0 | ||
| 008 | 260424b ||||| |||| 00| 0 eng d | ||
| 020 |
_a983931954X _cRM 95.00 _qHardback |
||
| 035 | _a0000003563 | ||
| 040 |
_bEng _cPusat Penyelidikan Mineral, Jabatan Mineral Dan Geosains Malaysia _dPPM _eRDA |
||
| 082 | 0 | 0 |
_221 _a658.4080 _bENV 1999 |
| 245 | 1 | 0 |
_aEnvironmental Management Standards (ISO 14000) : Towards A Sustainable Future / _cedited by Muhamad Awang ...[et al]., |
| 260 | 1 |
_aSerdang : _bPenerbit Universiti Putra Malaysia Press, _c1999 |
|
| 300 | 0 | 0 |
_aix, 287 pages .: _btable, illustrations.; _c27 cm |
| 500 | _aKoleksi Peribadi YABhg. Tun Ahmad Sarji | ||
| 504 | _aIncludes bibliographical references (p.: 277 - 278) and index (p.: 279 - 287 ) | ||
| 650 | 1 | 0 |
_aEnvironmental protection _xStandards _zMalaysia |
| 700 | 1 |
_aMuhammad Awang _eeditor |
|
| 942 |
_2ddc _cBK |
||
| 999 |
_c27229 _d27229 |
||